000 00464nam a22001577a 4500
008 240410b |||||||| |||| 00| 0 eng d
020 _a0817986618
050 _aHB171.F774 1987
100 _a Luebe.Kurt R
_952633
245 _aThe essence of F.R.I.E.D.M.A.N,
_cKurt R. Leube
260 _aCalifornia:
_bHoover Institution Press,
_c1987.
300 _axii;
_b566p,
_c24cm.
650 _veconomics.
650 _vmonetary policy.
_941232
942 _2lcc
_cMONOGRAPH
999 _c131859
_d131859